000 00718nam a22002057a 4500
999 _c185552
_d185552
005 20220204103404.0
010 _aENG-131393
020 _a9789390185597
_c695.00
035 _aEN-114925
037 _bDBAD
082 _a658.804
100 _aHavaldar, Krishna K
245 _aB2B Marketing:
_bText and cases/
_cKrishna K Havaldar, Shailendra Dasari
250 _aFifth Edition
260 _aUttar Pradesh
_bPearson India Education Services
_c2021
270 _a15th Flooor, Tower-B, World Trade Tower, Plot No. 1, Block-C, Sector-16
_bNoida
_e201301
_mcompanysecretary.india@pearson.com
300 _a547p.
_bIndex
_c24cm(pbk)
700 _aDasari, Shailendra
942 _2ddc
_cEN
_h658.804
_mHAV